| 000 | 00895nam a2200253 a 4500 | ||
|---|---|---|---|
| 999 |
_c12208 _d12208 |
||
| 001 | 12208 | ||
| 003 | BD-JhCC | ||
| 005 | 20210323132430.0 | ||
| 008 | 210323b20112019bg a|||| ||a| 000 0 mul d | ||
| 020 | _a97819849076378 | ||
| 035 | _a(BD-JhCC)12208 | ||
| 040 |
_aBD-JhCC _dBD-JhCC |
||
| 041 | _amul | ||
| 082 |
_a004.22 _bHOS 2019 |
||
| 100 | _aহোসেন, মোঃ কামাল | ||
| 245 |
_aসহজ ভাষায় কম্পিউটার হার্ডওয়্যার _cমোঃ কামাল হোসেন |
||
| 260 |
_aঢাকা : _bরানা বুক সাপ্লাই; _c২০১৯. |
||
| 300 |
_a৫৮২ পৃ. : _bচিত্রাবলী _c২৪ সে.মি. |
||
| 650 | _aComputer engineering | ||
| 650 | _aSystem design--Data processing | ||
| 650 | _aComputer architecture | ||
| 942 |
_2ddc _cBK |
||